LEADER 01244nas--2200397---45-- 001 990000498780203316 005 20090320171902.0 010 $a88-348-8179-6 035 $a0049878 035 $aUSA010049878 035 $a(ALEPH)000049878USA01 035 $a0049878 100 $a20010611d1998----km-y0ENGy0103-------ba 101 1 $aita 102 $aIT 200 1 $aSovranità e costituzione nella crisi dello Stato moderno$efigure e momenti della scienza del diritto pubblico europeo$fAgostino Carrino 210 $aTorino$cGiappichelli$dc1998 215 $aVIII, 304 p.$d22 cm 410 $12001 606 $aStato 606 $aSovranità 676 $a320.1 700 1$aCARRINO,$bAgostino$0144079 800 0$aIT$bsalbc$gISBD 912 $a990000498780203316 951 $a320.1 CAR 1 (ISP IV 699)$b20594 G$cISP IV$d00188083 951 $a320.1 CAR 1a (ISP IV 699)$b19761 G$cISP IV$d00188086 959 $aBK 969 $aGIU 979 $a 979 $aPATTY$b90$c20010611$lUSA01$h0957 979 $c20020403$lUSA01$h1658 979 $aPATRY$b90$c20040406$lUSA01$h1635 979 $aRSIAV4$b90$c20090320$lUSA01$h1719 996 $aSovranità e Costituzione nella crisi dello Stato moderno$9505852 997 $aUNISA